=LDR 00000nam 2200000 4500 =001 INLIS000000000037037 =005 20130612142803 =008 ***********************************Ind** =035 ##$$a0010-061300000037037 =041 ##$$a Ind =082 ##$$a 813 =090 ##$$a 813, Bar m =100 ##$$a Barmawi, Tria =245 ##$$a Mencari ratu istana cinta, Tria Barmawi =260 ##$$a 2009 $b Jakarta =300 ##$$a 166 hlm, 21 cm =650 ##$$a Fiksi Indonesia =850 ##$$a NBPNMAT =990 ##$$a 91586/BPAP-NTB/2014 =990 ##$$a 57065706 =990 ##$$a 01201805706 =990 ##$$a 91586/BPAP-NTB/2014